Normal view
MARC view
- AVVENTURA - FANTASTICO
Entry Topical Term
001 - CONTROL NUMBER
- control field: 43053
003 - CONTROL NUMBER IDENTIFIER
- control field: IT-RoPau
005 - DATE AND TIME OF LATEST TRANSACTION
- control field: 20151127101159.0
008 - FIXED-LENGTH DATA ELEMENTS
- fixed length control field: 151127|| aca||aabn | a|a d
040 ## - CATALOGING SOURCE
- Original cataloging agency: IT-RoPau
- Transcribing agency: IT-RoPau
150 ## - HEADING--TOPICAL TERM
- Topical term or geographic name entry element: AVVENTURA - FANTASTICO
- : DVD-FILM [DVD]
- General subdivision: Codice MATERIA SPICS: 9947
670 ## - SOURCE DATA FOUND
- Source citation: Work cat.: (IT-RoPau)105732: Boorman John Codice regista SPICS: 8978 43051, EXCALIBUR EXCALIBUR (Rif. Codice opera principale : H7982)